00805nam a2200217Ia 4500003000900000008004100009040001600050080001900066245011500085260003600200300001400236650004100250650003200291650003500323700003000358700003000388700002700418942000700445999001500452952012000467IN-BaIIA211028s9999 xx 000 0 eng d cIIA Library a(05)52bANN-10 0aAnnual review of astronomy and astrophysicsbvol. 10cedited by Leo Goldberg, David Layzer and John G. Philips aPalo AltobAnnual Reviewsc1972 aix, 513p. aAstronomy and astrophysics thesaurus aAstronomy-Periodicals94087 aAstrophysics-Periodicals94088 aGoldberg, Leo., ed.94090 aLayzer, David., ed.94091 aPhilips, G., ed.97200 cBK c4078d4078 00104070aBANbBANcGENd1972-12-22g92.40l0o(05)52/ ANN-10p4550r2021-11-05v92.40w1972-12-22yBKGRs. 92.40